000 00636nam a2200253Ia 4500
003 OSt
005 20221006144537.0
006 a|||||r|||| 00| 0
007 ta
008 221006b |||||||| |||| 00| 0 eng d
020 _c15.00
024 _a11,935
037 _cTextual
040 _aEASL
_cEASL
_beng
041 _2eng
_aeng
082 _aV41:192.N5, K4
100 _aGopal Ram
245 0 _aIndia China Tibet triangle
260 _aLucknow
_bPustak Kendra
_c1964
300 _a225p.
_ccm.
650 _aTibet
_9648121
942 _hV41:192.N5, K4
_cTEXL
_2CC
999 _c1080021
_d1080021